Double Trouble Capital Cities 3 - Statistics

General Stats
  • This quiz has been taken 1,054 times
    991 since last reset
  • The average score is 28 of 40
Answer Stats
Hint Answer % Correct
Montevideo
97%
Kentmonte / Tashvideo Tashkent
96%
Damascus
92%
Evanbru / Yerssels Brussels
90%
Anbedam / Dushascus Dushanbe
86%
Yerevan
85%
Batara / Ankashga Ankara
84%
Futikamp / Alafuna Kampala
82%
Port of Spain
82%
Funafuti
81%
Helsinki
81%
Talinki / Linnhels Tallinn
81%
Copenhagen
80%
Salembag /Jeruhdad Jerusalem
78%
Loporto / Mefspain Lome
78%
Ashgabat
76%
Baghdad
75%
Buenos Aires
75%
Malcopen / Abohagen Malabo
74%
Mabueno / Sairesnama Manama
74%
Susansal / Vavador San Salvador
73%
Vilasana / Porta Port Vila
72%
Brasilia
70%
Sana'a
70%
Siliasara / Jevobra Sarajevo
68%
Suva
65%
Evabud / Kihabi Abu Dhabi
64%
Kiev
61%
Banjul
59%
Belmopan
59%
Julbis / Sauban Bissau
59%
Menewd / Roelhi New Delhi
57%
Mopanya / Oundebel Yaounde
57%
Pristina
56%
Tinanair / Prisobi Nairobi
54%
Rome
53%
Wanurs / Ultantara Nur-sultan
49%
Mankin / Gstonam Kingston
43%
Tarawa
41%
Amman
39%
No matching quizzes found
Score Distribution
Percent of People with Each Score
Percentile by Number Answered
Your Score History
You have not taken this quiz since the last reset